تاريخ علاج الرمد الحبيبى فى العصور القديمة والعصر العربى / History of trachoma treatment in antiquity and during the Arabic Middle ages

Saved in:

Main Author: Max Meyerhof.

Other Authors: على بن عيسى.

Format: Book

Language: Undetermined

Published: Al-Qāhirah Matbaeat Misr 1936

Tags: Add Tag

No Tags, Be the first to tag this record!

Call Number: O70 MEYE

LEADER 00889nam a2200157Ia 4500
008 240404s9999||||xx |||||||||||||| ||und||
050 4 |a O70 MEYE 
100 1 |a Max Meyerhof. 
245 1 0 |a تاريخ علاج الرمد الحبيبى فى العصور القديمة والعصر العربى / History of trachoma treatment in antiquity and during the Arabic Middle ages  |c Max Meyerhof 
264 1 |a Al-Qāhirah  |b Matbaeat Misr  |c 1936 
300 |a 48,14  |c 25 
500 |a مضمونه: مختارات من المقالة الثانية من كتاب تذكرة الكحالين لعلى بن عيسى للكتاب قسم انكليزى هذا عنوانه 
500 |a يوجد ايضا في الفهرست الافرنجي حسب Reprint from: Bulletin of the Ophtalmological Society of Egypt, Vol. XXIX, Session 33, Year 1936 
700 1 |a على بن عيسى. 
942 |2 lcc  |c BK 
999 |c 58079  |d 58079